000 01121nam a2200325 i 4500
001 768714001
003 CO-MdFUSB
005 20221121114151.0
007 ta
008 220829t1977 -usabco| |||| 00| 0 eng d
020 _a0856480738
040 _aCO-MdFUSB
_bspa
_cCO-MdFUSB
_dCO-MdFUSBC
_erda
041 _aeng
082 _223
_a270
_bD747
100 _aDowley, Tim,
_eautor
245 _a The History of Christianity
_c/ Tim Dowley
264 1 _aEstados Unidos :
_bLion Publishing,
_c[1977]
264 4 _c© 1977
300 _a656 páginas
_c; 23 cm
336 _2rdacontent
_atexto
_btxt
337 _2rdamedia
_asin mediación
_bn
338 _2rdacarrier
_avolumen
_bnc
490 _aA Lion Handbook,
505 _aDios y la historia. -- Comienzos, 1-325. -- Aceptación y conquista, 325-600. -- Una sociedad cristiana, 600-1500. -- Reforma, 1500-1650. Semillas de renovación. -- Razón, renacimiento y revolución, 1650-1789. -- Ciudades e imperios, 1789-1914.
563 _aPasta dura
650 0 _96734
_aCristianismo
_xHistoria.
942 _cBK
945 _aJTF-925
999 _c68106
_d68106